000 00329 a2200157 4500
001 164541
020 _a
040 _cMagnum
100 _aMurgel Branco, Samuel
240 1 0 _aEnergia e meio ambiente
_lpor
245 1 0 _aEnergia e meio ambiente
362 0 _a1899
440 1 _aModerna
697 _aECOLOGIA
942 _cBK
999 _c164541
_d164541